|
|
|
|
| LEADER |
01251nam a22003852a 4500 |
| 001 |
001645318 |
| 003 |
CZ BrMZK |
| 005 |
20180910105052.0 |
| 007 |
ta |
| 008 |
180903s1963 xr er|||||||||||eng d |
| 015 |
|
|
|a cnb000476185
|
| 020 |
|
|
|q (Váz.)
|
| 035 |
|
|
|a (OCoLC)2107521
|
| 040 |
|
|
|a ABA001
|b cze
|c PNA001
|d ABA001
|
| 041 |
1 |
|
|a eng
|h cze
|
| 043 |
|
|
|a e-cs---
|
| 072 |
|
7 |
|a 37.09
|x Organizace výuky a vzdělávání
|2 Konspekt
|9 22
|
| 080 |
|
|
|a 37.09
|2 MRF
|
| 080 |
|
|
|a 37.0
|2 MRF
|
| 080 |
|
|
|a (437)
|2 MRF
|
| 080 |
|
|
|a (048.8)
|2 MRF
|
| 100 |
1 |
|
|a Vodinský, Stanislav
|7 jx20050421021
|4 aut
|
| 245 |
1 |
0 |
|a Education /
|c Stanislav Vodinský ; Translated from the Czech by Jarmila and Ian Milner
|
| 250 |
|
|
|a 2., revised edition
|
| 260 |
|
|
|a Prague :
|b Orbis,
|c 1963
|
| 300 |
|
|
|a 80 s., [16] s. fot. příl. :
|b il. ;
|c 8°
|
| 490 |
1 |
|
|a Czechoslovakia ;
|v sv. 6
|
| 650 |
0 |
7 |
|a školství
|7 ph116829
|z Československo
|2 czenas
|
| 650 |
0 |
7 |
|a vzdělávání
|7 ph127311
|z Československo
|2 czenas
|
| 655 |
|
7 |
|a přehledy
|7 fd133202
|2 czenas
|
| 830 |
|
0 |
|a Czechoslovakia
|
| 910 |
|
|
|a BOA001
|b X-0457.251-63
|
| 990 |
|
|
|a BK
|
| 991 |
|
|
|b 201808
|
| 996 |
6 |
|
|b 2618960160
|c X-0457.251-63
|l MZK
|r Sklad / do 24 hodin
|n 0
|w 001681320
|u 000010
|a 1
|e BOA001
|j MZK50
|s P
|